=LDR 00000nam 2200000 4500 =001 INLIS000000000000173 =005 20150225103741.0 =006 =007 =008 Ind =035 ##$$0010-061300000000173 =041 ##$$a Ind =082 ##$$a 92(King) =090 ##$$a 92(King) Sch m =100 ##$$a Schloredt, Valerie =245 ##$$a Martin Luther King / Valerie Schloredt,Pam Brown;alih bahasa,Farid Setiadi =260 ##$$a Jakarta $b Gramedia Pustaka Utama $c 1994 =300 ##$$a 96 hlm. ; 21 cm =650 ##$$a King, Martin Luther =700 ##$$a Brown, Pam =700 ##$$a Setiadi, Farid =850 ##$$a NBPNMAT